Data analysis with microsoft excel

Đã lưu trong:
Chi tiết về thư mục
Những tác giả chính: Berk, Kenneth N (Tác giả), Carey, Patrick (Tác giả)
Định dạng: Sách
Ngôn ngữ:Tiếng Anh
Được phát hành: Washington, D.C Duxbury Press 1998
Những chủ đề:
Các nhãn: Thêm thẻ
Không có thẻ, Là người đầu tiên thẻ bản ghi này!

MARC

LEADER 00000nam a2200000 a 4500
001 UCP5530
003 CL-VaPUC
008 990927e19980000us |||||||||||||||||eng|d
082 0 4 |a 519.502  |b BER  |2 21 
100 0 |a Berk, Kenneth N  |e author  |9 434004 
700 0 |a Carey, Patrick  |e author  |9 434005 
245 1 0 |a Data analysis with microsoft excel 
300 |a 503 p 
942 |c BK 
945 |d 19990927 00:00:00  |a vberengu 
260 |a Washington, D.C  |b Duxbury Press  |c 1998 
500 |a Incluye disquette 
650 0 |a Estadística matemática  |9 260028 
650 7 |a MANEJO DE DATOS  |2 CL-VaPUC  |9 338207 
650 0 |a Proceso de datos   |9 259776 
650 7 |a PROCESAMIENTO DE INFORMACION  |2 CL-VaPUC  |9 410394 
583 |a last modification  |c 20150504 05:21:41  |k Rodrigo Vera 
999 |c 283270  |d 283268 
952 |0 0  |1 0  |4 0  |6 519_502000000000000_BER_1998  |7 0  |8 A  |9 326203  |a BIBGIM  |b BIBGIM  |d 2019-11-20  |i 3562026  |o 519.502 BER 1998  |p 3562026  |r 2025-01-15  |w 2019-11-20  |y BK  |k EST